Revista de ciencias y letras (Record no. 1792)

MARC details
000 -LEADER
campo de control de longitud fija 00677nas a2200229 i 4500
001 - NÚMERO DE CONTROL
campo de control 1792
003 - IDENTIFICADOR DE NÚMERO DE CONTROL
campo de control ES-MaACL
005 - FECHA Y HORA DE LA ÚLTIMA TRANSACCIÓN
campo de control 20250828062527.0
007 - CAMPO FIJO DE DESCRIPCIÓN FÍSICA--INFORMACIÓN GENERAL
campo de control de longitud fija t|
008 - DATOS DE LONGITUD FIJA--INFORMACIÓN GENERAL
campo de control de longitud fija 950801d18951900sp | | 1 ||pa d
022 ## - NÚMERO INTERNACIONAL NORMALIZADO PARA PUBLICACIONES SERIADAS
Número Internacional Normalizado para Publicaciones Seriadas 2486-4501
245 00 - MENCIÓN DEL TÍTULO
Título Revista de ciencias y letras
Resto del título : órgano del profesorado facultativo /
Mención de responsabilidad, etc. dir. Manuel Reinante Hidalgo.
260 ## - PUBLICACIÓN, DISTRIBUCIÓN, ETC.
Lugar de publicación, distribución, etc. Madrid :
Nombre del editor, distribuidor, etc. Imp. de M. Miñón e Hijos,
Fecha de publicación, distribución, etc. 1895-1900.
300 ## - DESCRIPCIÓN FÍSICA
Extensión 2 v. ;
Dimensiones 31 cm.
310 ## - PERIODICIDAD ACTUAL
Periodicidad actual Decenal
362 0# - FECHAS DE PUBLICACIÓN Y/O DESIGNACIÓN SECUENCIAL
Fecha de publicación y/o designación secuencial N. 1 (5 dic. 1895)-(1900)
650 #7 - PUNTO DE ACCESO ADICIONAL DE MATERIA--TÉRMINO DE MATERIA
Término de materia o nombre geográfico como elemento de entrada Educación
Fuente del encabezamiento o término embne
9 (RLIN) 12073
700 1# - ENTRADA AGREGADA--NOMBRE PERSONAL
Nombre de persona Reinante Hidalgo, Manuel.
9 (RLIN) 96042
852 ## - LOCALIZACIÓN
Ubicación ES-MaACL
Número de control de estantería Hem-532
866 #0 - MENCIÓN TEXTUAL DE FONDOS--UNIDAD BIBLIOGRÁFICA BÁSICA
Fondos 1895-1900
Holdings
Estatus retirado Estado de pérdida Estado de daño No para préstamo Colección Biblioteca de origen Biblioteca actual Ubicación en estantería Fecha de adquisición Fuente de adquisición Total de préstamos Signatura topográfica completa Código de barras Visto por última vez Precio de reemplazo Tipo de ítem Koha
        Periódicos y Revistas Biblioteca del Ateneo de Madrid Biblioteca del Ateneo de Madrid Depósito 1 17/01/2008     Hem-532 1001829 23/02/2023 23/02/2023 Revista